| 000 | 00624nam a2200181 4500 | ||
|---|---|---|---|
| 003 | CO-ViMGA | ||
| 020 | _a9789589976524 | ||
| 040 |
_aCO-ViMGA _bspa _cCO-ViMGA |
||
| 090 | _aC VASj | ||
| 100 | 1 |
_aVasco,Irene _d1952 _92991 |
|
| 245 | 1 | 0 |
_aJero Carapálida : _by el guardián de las cosas perdidas / _cIrene Vasco,il Juana Medina |
| 260 |
_aBogotá _bRandom House Mondaadori _c2011 |
||
| 300 |
_a65 p. : _bil : 18 cm. |
||
| 490 | _aColección la biblioteca | ||
| 650 | 1 | 4 |
_aNovela Infantil Colombiana _vNovela Humoristica Colombiana _xlibros ilustrados para niños _94272 |
| 700 | 1 |
_aMedina, Juana _eil. _94273 |
|
| 942 |
_2ddc _cBK |
||
| 999 |
_c35715 _d35715 |
||